| 000 | 00000nam 2200000za 4500 |
| 001 | 9.846320 |
| 003 | CaOODSP |
| 005 | 20221107153156 |
| 007 | cr ||||||||||| |
| 008 | 171030s1975 onc #o f000 0 eng d |
| 040 | |aCaOODSP|beng |
| 043 | |an-cn--- |
| 086 | 1 |aR32-342/1975E-PDF |
| 245 | 04|aThe historical development of the Indian Act |h[electronic resource] / |cPolicy, Planning and Research Branch, Department of Indian and Northern Affairs. |
| 260 | |a[Ottawa?] : |bDepartment of Indian and Northern Affairs, |c1975. |
| 300 | |a170, 77 p. |
| 500 | |a"January, 1975." |
| 500 | |aTitle from cover. |
| 500 | |aDigitized edition from print [produced by Indigenous and Northern Affairs Canada]. |
| 520 | |a"During a Policy Planning and Research Branch meeting in the fall of 1973, the incumbent Chief of Research made what was to him a disquieting discovery. He noted, that while the Indian Act had been on the statute books for nearly 100 years and was based on other statutes dating from the pre-Confederation period, there was no document that presented, in a straight-forward fashion, the Act's history or evolution. There were several slender volumes on the history or development of Indian Affairs policy and a few, even more slender volumes, explaining the existing legislation. But there was nothing to chronicle the changes in legislation leading to the present act."--Preface. |
| 692 | 07|2gccst|aAboriginal affairs |
| 692 | 07|2gccst|aAboriginal law |
| 692 | 07|2gccst|aHistorical research |
| 710 | 1 |aCanada. |bIndian and Northern Affairs Canada. |
| 794 | |tThe historical development of the Indian Act |w(CaOODSP)9.846111 |
| 856 | 40|qPDF|s8.63 MB|uhttps://publications.gc.ca/collections/collection_2017/aanc-inac/R32-342-1975-eng.pdf |